banner-ar

العقم والانجاب والامراض الوراثية والانتقالية عند الرجل والمرأة / (Record no. 32902)

MARC details
000 -الفاتح
حقل البيانات ثابتة الطول 00724nam a2200217Ia 4500
008 - عناصر البيانات ثابتة الطول - معلومات عامة
حقل البيانات ثابتة الطول 140319s9999 xx 000 0 ara d
040 ## - مصدر الفهرسة
وكالة الفهرسة الأصلية GCL /
وكالة النسخ GCL
082 04 - رقم تصنيف ديوى العشرى
رقم التصنيف 618.178
رقم المادة ع ع
100 1# - المدخل الرئيسى - إسم شخصى
الإسم الشخصى عبدالسلام ايوب
245 10 - بيان العنوان
العنوان العقم والانجاب والامراض الوراثية والانتقالية عند الرجل والمرأة /
بيان المسئوليه,etc عبدالسلام ايوب
300 ## - الوصف المادى
التعداد 203 ص
490 ## - بيان السلسلة
عنوان السلسلة
650 04 - المدخل الاضافى بالموضوع-مصطلح موضوعى
مصطلح موضوعي العقم عند الرجال
650 04 - المدخل الاضافى بالموضوع-مصطلح موضوعى
مصطلح موضوعي الامراض الوراثية
650 04 - المدخل الاضافى بالموضوع-مصطلح موضوعى
مصطلح موضوعي فسيولوجيا
650 04 - المدخل الاضافى بالموضوع-مصطلح موضوعى
مصطلح موضوعي العقم
650 04 - المدخل الاضافى بالموضوع-مصطلح موضوعى
مصطلح موضوعي العقم عند النساء
942 ## - عناصر المدخل الإضافي( كوها)
مصدر التصنيف او مخطط الترفيف Dewey Decimal Classification
Koha [default] item type كتاب
260 ## - PUBLICATION, DISTRIBUTION, ETC. (IMPRINT)
-- [S.N] :
-- دار الراتب الجامعية
Holdings
حالة التراجع حالة الفقد حالة تلف ليس للاعارة المكان المؤقت الموقع الحالى تاريخ الاكتساب اجمالي اﻻعارات رقم الطلب الباركود تاريخ اخر مشاهدة تاريخ تفعيل السعر نوع وعاء كوها
        مكتبة القاهرة الكبرى مكتبة القاهرة الكبرى 03/26/2014   618.178\ع ع 77869 03/26/2014 03/26/2014 كتاب

Powered By

EGPV